Contrafuegos (Record no. 15115)

MARC details
000 -LEADER
campo de control de longitud fija 00970nam a2200289 i 4500
001 - NÚMERO DE CONTROL
campo de control 15115
003 - IDENTIFICADOR DE NÚMERO DE CONTROL
campo de control ES-MaACL
005 - FECHA Y HORA DE LA ÚLTIMA TRANSACCIÓN
campo de control 20250929063048.0
007 - CAMPO FIJO DE DESCRIPCIÓN FÍSICA--INFORMACIÓN GENERAL
campo de control de longitud fija t|
008 - DATOS DE LONGITUD FIJA--INFORMACIÓN GENERAL
campo de control de longitud fija 991222s1999 sp ||||1| spa d
020 ## - NÚMERO INTERNACIONAL ESTÁNDAR DEL LIBRO
Número Internacional Estándar del Libro 84-339-0571-6
080 ## - NÚMERO DE LA CLASIFICACIÓN DECIMAL UNIVERSAL
Número de la Clasificación Decimal Universal 330.82
080 ## - NÚMERO DE LA CLASIFICACIÓN DECIMAL UNIVERSAL
Número de la Clasificación Decimal Universal 323.2"19"
080 ## - NÚMERO DE LA CLASIFICACIÓN DECIMAL UNIVERSAL
Número de la Clasificación Decimal Universal 329.11"19"
100 1# - ENTRADA PRINCIPAL--NOMBRE DE PERSONA
Nombre de persona Bourdieu, Pierre,
Fechas asociadas al nombre 1930-2002
9 (RLIN) 30964
245 10 - MENCIÓN DEL TÍTULO
Título Contrafuegos
Resto del título : reflexiones para servir a la resistencia contra la invasión neoliberal /
Mención de responsabilidad, etc. Pierre Bourdieu ; traducción de Joaquín Jordá.
260 ## - PUBLICACIÓN, DISTRIBUCIÓN, ETC.
Lugar de publicación, distribución, etc. Barcelona :
Nombre del editor, distribuidor, etc. Anagrama,
Fecha de publicación, distribución, etc. [1999]
300 ## - DESCRIPCIÓN FÍSICA
Extensión 153 p. ;
Dimensiones 20 cm.
490 1# - MENCIÓN DE SERIE
Mención de serie Colección Argumentos ;
Designación de volumen o secuencia 221
650 #7 - PUNTO DE ACCESO ADICIONAL DE MATERIA--TÉRMINO DE MATERIA
Término de materia o nombre geográfico como elemento de entrada Liberalismo económico
Fuente del encabezamiento o término embne
9 (RLIN) 135483
650 14 - PUNTO DE ACCESO ADICIONAL DE MATERIA--TÉRMINO DE MATERIA
Término de materia o nombre geográfico como elemento de entrada Movimientos sociales-
Subdivisión cronológica S.XX.
9 (RLIN) 15233
650 #4 - PUNTO DE ACCESO ADICIONAL DE MATERIA--TÉRMINO DE MATERIA
Término de materia o nombre geográfico como elemento de entrada Conservadurismo-
Subdivisión cronológica S.XX.
9 (RLIN) 11289
700 1# - ENTRADA AGREGADA--NOMBRE PERSONAL
Nombre de persona Jordá, Joaquín.
9 (RLIN) 66895
830 0# - PUNTO DE ACCESO ADICIONAL DE SERIE-TÍTULO UNIFORME
Título uniforme Colección Argumentos ;
Designación de volumen o secuencia 221
9 (RLIN) 178071
852 ## - LOCALIZACIÓN
Ubicación ES-MaACL
Número de control de estantería L-22285
Sublocalización o colección R.127640
Holdings
Estatus retirado Estado de pérdida Estado de daño No para préstamo Biblioteca de origen Biblioteca actual Ubicación en estantería Fecha de adquisición Fuente de adquisición Total de préstamos Signatura topográfica completa Código de barras Visto por última vez Precio de reemplazo Tipo de ítem Koha
        Biblioteca del Ateneo de Madrid Biblioteca del Ateneo de Madrid Depósito 2 17/01/2008     L-22285 1015371 23/02/2023 23/02/2023 Libro impreso